Los Premios Goncourt de novela. (Record no. 184119)

MARC details
000 -LEADER
campo de control de longitud fija 01339nam a2200373 i 4500
001 - NÚMERO DE CONTROL
campo de control 184119
003 - IDENTIFICADOR DE NÚMERO DE CONTROL
campo de control ES-MaACL
005 - FECHA Y HORA DE LA ÚLTIMA TRANSACCIÓN
campo de control 20240308100100.0
008 - DATOS DE LONGITUD FIJA--INFORMACIÓN GENERAL
campo de control de longitud fija 150318s1958 sp |||| | spa d
080 ## - NÚMERO DE LA CLASIFICACIÓN DECIMAL UNIVERSAL
Número de la Clasificación Decimal Universal 821.133.1-31"19"(082.2)
245 04 - MENCIÓN DEL TÍTULO
Título Los Premios Goncourt de novela.
Número de parte o sección de la obra 4.
260 ## - PUBLICACIÓN, DISTRIBUCIÓN, ETC.
Lugar de publicación, distribución, etc. Barcelona :
Nombre del editor, distribuidor, etc. José Janés,
Fecha de publicación, distribución, etc. 1958.
300 ## - DESCRIPCIÓN FÍSICA
Extensión 1798 p. ;
Dimensiones 18 cm.
490 1# - MENCIÓN DE SERIE
Mención de serie Los premios Goncourt de novela ;
Designación de volumen o secuencia 4
505 8# - NOTA DE CONTENIDO CON FORMATO
Nota de contenido con formato Contiene: ;
Título Gentes de mar /
Mención de responsabilidad Marc Elder. --
Título La madreselva /
Mención de responsabilidad Thierry Sandre. --
Título El orden /
Mención de responsabilidad Marcel Arland. --
Título Los lobos /
Mención de responsabilidad Guy Mazeline. --
Título Largas vacaciones /
Mención de responsabilidad Francis Ambrière. --
Título Viento de marzo /
Mención de responsabilidad Henri Pourrat
596 ## - NOTA AL PIE DE IMPRENTA
NOTA AL PIE DE IMPRENTA En anteport.: Académie Goncourt.
650 #0 - PUNTO DE ACCESO ADICIONAL DE MATERIA--TÉRMINO DE MATERIA
Término de materia o nombre geográfico como elemento de entrada Novela francesa
Subdivisión cronológica S.XX
9 (RLIN) 235492
700 1# - ENTRADA AGREGADA--NOMBRE PERSONAL
Nombre de persona Elder, Marc.
9 (RLIN) 46913
700 1# - ENTRADA AGREGADA--NOMBRE PERSONAL
Nombre de persona Sandre, Thierry.
9 (RLIN) 103118
700 1# - ENTRADA AGREGADA--NOMBRE PERSONAL
Nombre de persona Arland, Marcel.
9 (RLIN) 22893
700 1# - ENTRADA AGREGADA--NOMBRE PERSONAL
Nombre de persona Mazeline, Guy.
9 (RLIN) 79472
700 1# - ENTRADA AGREGADA--NOMBRE PERSONAL
Nombre de persona Ambrière, Francis.
9 (RLIN) 156593
700 1# - ENTRADA AGREGADA--NOMBRE PERSONAL
Nombre de persona Pourrat, Henry.
9 (RLIN) 156594
740 0# - ENTRADA AGREGADA--TÍTULO RELACIONADO/ANALÍTICO NO CONTROLADO
Título relacionado o analítico no controlado Gentes de mar.
740 3# - ENTRADA AGREGADA--TÍTULO RELACIONADO/ANALÍTICO NO CONTROLADO
Título relacionado o analítico no controlado La madreselva.
740 3# - ENTRADA AGREGADA--TÍTULO RELACIONADO/ANALÍTICO NO CONTROLADO
Título relacionado o analítico no controlado El orden.
740 4# - ENTRADA AGREGADA--TÍTULO RELACIONADO/ANALÍTICO NO CONTROLADO
Título relacionado o analítico no controlado Los lobos.
740 0# - ENTRADA AGREGADA--TÍTULO RELACIONADO/ANALÍTICO NO CONTROLADO
Título relacionado o analítico no controlado Largas vacaciones.
740 0# - ENTRADA AGREGADA--TÍTULO RELACIONADO/ANALÍTICO NO CONTROLADO
Título relacionado o analítico no controlado Viento de marzo.
830 0# - PUNTO DE ACCESO ADICIONAL DE SERIE-TÍTULO UNIFORME
Título uniforme Los premios Goncourt de novela ;
Designación de volumen o secuencia 4
9 (RLIN) 192046
852 ## - LOCALIZACIÓN
Ubicación ES-MaACL
Número de control de estantería E-15506
Nota libre . - enc. piel
942 ## - ELEMENTOS DE ENTRADA SECUNDARIOS (KOHA)
Fuente del sistema de clasificación o colocación Clasificación decimal universal
Holdings
Estatus retirado Estado de pérdida Estado de daño No para préstamo Biblioteca de origen Biblioteca actual Ubicación en estantería Fecha de adquisición Fuente de adquisición Total de préstamos Signatura topográfica completa Código de barras Visto por última vez Precio de reemplazo Tipo de ítem Koha
        Biblioteca del Ateneo de Madrid Biblioteca del Ateneo de Madrid Depósito 2 18/03/2015     E-15506 1193632 23/02/2023 23/02/2023 Libro impreso